LIBRARY & INFORMATION CENTRE, KCAET, TAVANUR

ONLINE PUBLIC ACCESS CATALOGUE (OPAC)

Package of practices recommendations / (Record no. 6874)

MARC details
000 -LEADER
fixed length control field 00509cam a2200205ua 4500
041 ## - LANGUAGE CODE
Language code of text/sound track or separate title eng
082 ## - DEWEY DECIMAL CLASSIFICATION NUMBER
Classification number 631.5
Item number POT/PA
100 ## - MAIN ENTRY--AUTHOR NAME
Personal name Potti, V S S .
245 ## - TITLE STATEMENT
Title Package of practices recommendations /
250 ## - EDITION STATEMENT
Edition statement 1 /
260 ## - PUBLICATION, DISTRIBUTION, ETC. (IMPRINT)
Place of publication Thrissur :
Name of publisher Kerala Agricultural University ,
Year of publication 1981.
300 ## - PHYSICAL DESCRIPTION
Number of Pages 171 ; .
942 ## - ADDED ENTRY ELEMENTS (KOHA)
Koha item type Books
Holdings
Withdrawn status Lost status Damaged status Home library Current library Date acquired Full call number Accession Number Koha item type
      KAUAET   07/04/2012 631.5 14353 Books
      KAUAET   07/04/2012 631.5 14354 Books
      KAUAET   07/04/2012 631.5 14356 Books
free website counter